| 000 | 00364nam a2200145Ia 4500 | ||
|---|---|---|---|
| 008 | 230917s9999||||xx |||||||||||||| ||und|| | ||
| 040 |
_e60983 _aMAIN |
||
| 041 | _aEnglish | ||
| 082 | _a823.7 D555P | ||
| 100 | _aDickens, Charles | ||
| 245 | 0 | _aPersonal history of David Copperfield | |
| 260 |
_aEngland _bPenguin Books _c1972 |
||
| 300 | _a956 p. | ||
| 942 | _cBK | ||
| 999 |
_c140914 _d140914 |
||